[Event "IND-ch U15 48th"]
[Site "Jalgaon"]
[Date "2023.12.27"]
[Round "1"]
[White "Maaz, Iqubal"]
[Black "Ankit, Ray"]
[Result "0-1"]
[WhiteElo "1416"]
[BlackElo "1898"]
[PlyCount "80"]
[EventDate "2023.12.27"]
[EventType "swiss"]
[EventRounds "11"]
[EventCountry "IND"]
[SourceTitle "CB02_2024"]
[SourceDate "2024.01.10"]
[SourceVersion "1"]
[SourceVersionDate "2024.01.10"]
[SourceQuality "1"]

1. e4 c5 2. Nf3 e6 3. d4 cxd4 4. Nxd4 Nc6 5. Nc3 Qc7 6. Be3 a6 7. Be2 Nf6 8. Qd2 Bb4 9. f3 d5 10. Nxc6 bxc6 11. a3 Bd6 12. g3 Bb7 13. 0-0-0 e5 14. Bg5 d4 15. Bxf6 gxf6 16. Nb1 Bc8 17. Bc4 Rb8 18. b3 a5 19. a4 Bb4 20. Qd3 Qd6 21. g4 Be6 22. Rdf1 Ke7 23. Kd1 Bxc4 24. Qxc4 Qe6 25. Qd3 c5 26. Nd2 Bxd2 27. Kxd2 Rb4 28. Rb1 Rhb8 29. Ra1 Rc8 30. Rhb1 Qb6 31. Kc1 Rb8 32. Ra3 c4 33. Qd2 Qc5 34. Kd1 R4b6 35. Qc1 Rd8 36. Ra2 d3 37. cxd3 Qg1+ 38. Kc2 cxb3+ 39. Rxb3 Rc8+ 40. Rc3 Rxc3+ 0-1